[Event "Stay Safe Play From Home 304"]
[Site "Emanuel Lasker Arena"]
[Date "2020.07.15"]
[Round "1"]
[White "NTBT_DHS"]
[Black "Jhhonnyy"]
[Result "1-0"]
[WhiteElo "2521"]
[BlackElo "2308"]
[Annotator "TA"]
[PlyCount "59"]
[EventDate "2020.07.15"]
[EventType "swiss (blitz)"]

{[%evp 13,59,34,209,193,195,195,183,188,198,197,197,196,258,237,244,227,240,235,235,235,284,287,287,265,287,227,293,296,433,291,305,293,305,307,310,304,324,301,438,436,562,542,646,643,625,635,1735,1566]} 1. d4 Nf6 2. Nc3 g6 3. Bg5 Bg7 4. e4 d6 5. e5 dxe5 6. dxe5 Qxd1+ 7. Rxd1 Ng4 $2 {[#]} (7... Nfd7 $14) 8. Nd5 $1 {[%mdl 512] B07: Pirc Defence: Miscellaneous Systems.} Bxe5 9. Nf3 ({Not} 9. Nxe7 h6 $17) 9... Bd6 {[#]} 10. Bxe7 $1 {[%mdl 576] Deflection. White is clearly better.} Bxe7 11. Nxc7+ {[%mdl 64] Double Attack} Kf8 12. Nxa8 Nc6 (12... Kg7 $142 13. h3 Nf6) 13. h3 $18 Nf6 {[#]} 14. Bb5 $146 ({Predecessor:} 14. Nc7 Kg7 15. Bc4 Bd8 16. Nd5 Re8+ 17. Kf1 Be6 18. c3 a6 19. Ne3 Bb6 20. Bxe6 Rxe6 {1-0 (30) Uliashov,D (2256)-Dmitriev,V (2231) Kostroma 2008}) 14... Kg7 15. Nc7 Bf5 16. c3 Rc8 17. Nd5 Nxd5 18. Rxd5 Be6 19. Rd2 Bf6 20. O-O Ne7 (20... h5 {was necessary.} 21. Ra1 Rb8) 21. Nd4 Bd5 22. Re1 a6 23. Ba4 b5 24. Bb3 Ba8 25. Nf3 Nc6 (25... Bxf3 {might work better.} 26. gxf3 Rc7) 26. Rd7 {White is clearly winning.} Nd8 27. Ne5 Bc6 28. Nxc6 Rxc6 29. Re8 Ne6 30. Bxe6 {Black got outplayed after the opening. Accuracy: White = 83%, Black = 42%.} 1-0

[Event "Stay Safe Play From Home 304"]
[Site "Emanuel Lasker Arena"]
[Date "2020.07.15"]
[Round "1"]
[White "Broken sword"]
[Black "GIULIO19031975"]
[Result "1-0"]
[WhiteElo "2431"]
[BlackElo "1793"]
[Annotator "NA RC"]
[PlyCount "55"]
[EventDate "2020.07.15"]
[EventType "swiss (blitz)"]

1. e3 {[%emt 0:00:01]} c5 {[%emt 0:00:01]} 2. d4 {[%emt 0:00:00]} cxd4 {[%emt 0:00:01]} 3. exd4 {[%emt 0:00:00]} d5 {[%emt 0:00:00]} 4. Nf3 {[%emt 0:00:00]} Nf6 {[%emt 0:00:00]} 5. Bf4 {[%emt 0:00:01]} e6 {[%emt 0:00:00]} 6. c3 {[%emt 0:00:00]} Bd6 {[%emt 0:00:00]} 7. Bg3 {[%emt 0:00:00]} Bxg3 {[%emt 0:00:01]} 8. hxg3 {[%emt 0:00:00]} Nc6 {[%emt 0:00:01]} 9. Qb3 {[%emt 0:00:00]} Qe7 {[%emt 0:00:01]} 10. Nbd2 {[%emt 0:00:01]} Bd7 {[%emt 0:00:00]} 11. Bd3 {[%emt 0:00:01]} O-O {[%emt 0:00:01]} 12. O-O {[%emt 0:00:01]} g6 {[%emt 0:00:00]} 13. Rfe1 {[%emt 0:00:01]} Rab8 {[%emt 0:00:01]} 14. Rad1 {[%emt 0:00:01]} a6 {[%emt 0:00:00]} 15. Ne5 {[%emt 0:00:02]} b5 {[%emt 0:00:01]} 16. Nxc6 {[%emt 0:00:01]} Bxc6 {[%emt 0:00:02]} 17. Qc2 {[%emt 0:00:00]} Ng4 {[%emt 0:00:07]} 18. Be2 {[%emt 0:00:02]} Nh6 {[%emt 0:00:02]} 19. b4 {[%emt 0:00:02]} Nf5 {[%emt 0:00:01]} 20. Bd3 {[%emt 0:00:00]} Qf6 {[%emt 0:00:02]} 21. Bxf5 {[%emt 0:00:02]} exf5 {[%emt 0:00:02]} 22. Nb3 {[%emt 0:00:02]} f4 {[%emt 0:00:01]} 23. gxf4 {[%emt 0:00:01]} Qxf4 {[%emt 0:00:01]} 24. Qd2 {[%emt 0:00:00]} Qg4 {[%emt 0:00:01]} 25. Qe2 {[%emt 0:00:01]} Qg5 {[%emt 0:00:01]} 26. Qe3 {[%emt 0:00:01]} Qf6 {[%emt 0:00:01]} 27. Qe5 {[%emt 0:00:01]} Qxe5 {[%emt 0:00:01]} 28. Rxe5 {[%emt 0:00:00] Tempo (Lag: Av=0.34s, max=0.5s)} 1-0

[Event "Stay Safe Play From Home 304"]
[Site "Emanuel Lasker Arena"]
[Date "2020.07.15"]
[Round "1"]
[White "Lamborghini"]
[Black "TheCHESSHOUSE"]
[Result "1-0"]
[WhiteElo "2150"]
[BlackElo "2039"]
[Annotator "TA"]
[PlyCount "93"]
[EventDate "2020.07.15"]
[EventType "swiss (blitz)"]

{[%evp 21,93,36,65,56,52,52,55,0,29,22,32,25,127,-10,-10,0,0,-183,-25,-17,0,0,33,23,21,-43,-32,-49,-54,-54,-55,-56,-52,-232,-225,-231,-150,-152,-105,-88,-82,-178,-127,-345,-146,-147,-137,-343,-340,-345,-341,-373,-360,-326,-297,-304,-67,-59,-41,-63,0,-99,-8,-120,-85,-125,0,-59,0,-268,465,465,465,465]} 1. e4 c5 2. Nf3 d6 3. d4 cxd4 4. Nxd4 Nf6 5. Nc3 g6 6. Be3 Bg7 7. f3 O-O 8. Qd2 Nc6 9. Bc4 Bd7 10. Bb3 Rc8 11. O-O-O a6 {Recently 11...Nxd4 got a lot of attention.} 12. Kb1 {B78: Sicilian Dragon: Yugoslav Attack, 9 Bc4 Bd7 10 0-0-0 Rc8.} b5 13. Nxc6 Bxc6 {[#]} 14. Rhe1 $146 (14. a3 $14) ({Predecessor:} 14. Bh6 a5 15. Bxg7 Kxg7 16. g4 a4 17. Bd5 Bd7 18. h4 e6 19. g5 Nh5 20. Bb7 {1-0 (33) Madsen,M (1708)-Nielsen Refs,K (1541) Svendborg 2019}) 14... b4 15. Nd5 $1 Nxd5 16. exd5 Bb5 (16... Bd7 $11) 17. Bh6 ({Only move:} 17. Qxb4 $16 Rb8 18. Qd2) 17... a5 {With the idea ...a4.} 18. Bxg7 Kxg7 19. Re4 $2 {[#]} (19. Rc1 $11) 19... Qb6 $2 (19... a4 $1 $19 20. Bxa4 Bxa4) 20. Rh4 $11 {Intending Qh6+ and mate.} h5 21. Rxh5 Rh8 22. Rxh8 Rxh8 23. h3 (23. c4 $11 Bd7 24. h3) 23... a4 $15 24. Qxb4 axb3 25. axb3 {Threatening c4.} Rb8 $36 {[%mdl 2048] Black has the initiative.} 26. c4 Bd7 27. Qc3+ $2 (27. Qxb6 $15 Bf5+ 28. Kc1 Rxb6 29. g4) 27... f6 $19 28. Re1 Bf5+ 29. Kc1 Rb7 30. g4 Bc8 31. h4 (31. Qe3 $17 Qxe3+ 32. Rxe3) 31... Kf7 (31... Qf2 $19 32. Rh1 Kf7) 32. h5 $2 (32. Re3 $17) 32... Qxb3 (32... gxh5 $19 {and Black stays clearly on top.} 33. gxh5 Bf5) 33. hxg6+ $17 Kxg6 {Hoping for ...Qxc3+.} 34. Qxb3 $2 (34. Qc2+ $17 Qxc2+ 35. Kxc2) 34... Rxb3 $19 35. Rxe7 {White wants to play Rc7.} Rxf3 {[%mdl 4096] Endgame KRB-KR} 36. Kd2 Bxg4 37. b4 Rb3 38. b5 Rb4 $2 (38... f5 $19 {aiming for ...f4.} 39. Re3 Rb4) 39. Kd3 $15 Bh3 {[#] White must now prevent ...Bf1+.} 40. Kc3 Ra4 ({Better is} 40... Rb1 $15 41. Kc2 Bf5+ 42. Kc3 Kg5) 41. Re4 (41. b6 $11 {remains equal.} Ra1 42. b7) 41... Bf5 (41... Ra3+ $17 42. Kb4 Ra1) 42. Rf4 (42. Re7 $11) 42... Ra3+ 43. Kb4 Re3 ({Black should play} 43... Ra1 $17 44. b6 Rb1+ 45. Ka5 Bc8) 44. Rf2 (44. b6 $11) 44... Re7 (44... Re1 $15) 45. c5 $2 {[%mdl 8192]} (45. Ra2 $11 {and White is okay.}) 45... Bd3 $4 {[%mdl 8192]} (45... Re4+ $19 46. Ka5 dxc5) 46. c6 $18 Re4+ 47. Ka5 {Quite a comeback for White. Accuracy: White = 46%, Black = 34%.} 1-0

[Event "Stay Safe Play From Home 304"]
[Site "Emanuel Lasker Arena"]
[Date "2020.07.15"]
[Round "1"]
[White "Lazieri3"]
[Black "SoulofWolf"]
[Result "0-1"]
[WhiteElo "2108"]
[BlackElo "2019"]
[Annotator "TA"]
[PlyCount "114"]
[EventDate "2020.07.15"]
[EventType "swiss (blitz)"]

{[%evp 10,114,73,56,88,21,36,35,58,46,51,42,204,21,195,25,206,7,214,0,-7,-10,-18,-14,0,-59,0,0,0,-18,-3,-38,-31,-42,-27,-36,-30,-40,0,0,35,0,0,-10,4,0,126,131,363,0,0,0,0,0,170,81,70,-89,0,-29997,0,0,156,47,58,31,46,34,104,75,70,70,168,168,270,135,211,135,135,131,113,-36,-27,-425,635,635,6149,651,625,621,625,614,532,532,573,532,29977,-1504,29978,29978,29981,29982,29988,29987,29988,29989,29990]} 1. e4 Nf6 2. Nc3 d6 3. d4 Nbd7 4. f3 g6 5. Be3 Bg7 6. Qd2 h5 {B07: Pirc Defence: Miscellaneous Systems.} 7. Bd3 (7. O-O-O $16) 7... a6 8. Nge2 b5 {[#] White is slightly better.} 9. Nd1 $146 ({Predecessor:} 9. O-O c5 10. dxc5 dxc5 11. Nf4 e6 12. Nd1 Qc7 13. Nh3 Bb7 14. Bf4 e5 15. Be3 {½-½ (27) Alieva,S (1647)-Gorbachuk,E Sochi 2007}) 9... c5 10. c3 $1 d5 $2 (10... Bb7 $14) 11. Nf2 $2 (11. dxc5 dxe4 12. Bxe4 (12. fxe4 Bb7 $11) 12... Nxe4 $11) ({Only move:} 11. e5 $18) 11... Bb7 $2 (11... cxd4 $11 {and Black has nothing to worry.} 12. cxd4 (12. Nxd4 Bb7 $11) 12... e5) 12. O-O $2 ({Don't do} 12. dxc5 $6 dxe4 13. Bxe4 (13. Nxe4 Nxe4 14. Bxe4 Bxe4 $11) (13. fxe4 Ne5 $11) 13... Nxe4 $14) (12. e5 $18) 12... Qc7 $2 (12... cxd4 $11 13. cxd4 e5) 13. Rfd1 $2 (13. e5 $18) 13... O-O $2 (13... dxe4 $11 14. Bxe4 (14. Nxe4 c4 $11) 14... c4) 14. Bh6 $2 (14. e5 $18) 14... dxe4 $11 15. Bxg7 Kxg7 16. Nxe4 cxd4 17. Nxd4 (17. Nxf6 $11 Nxf6 18. cxd4) 17... Ne5 (17... Nxe4 $15 18. Bxe4 Bxe4 19. fxe4 Nf6) 18. Nxf6 exf6 19. Be2 Rad8 20. Qc2 Rd7 21. Rd2 Rfd8 22. Rad1 Ba8 23. a4 bxa4 24. Qxa4 Bb7 25. Qb4 a5 26. Qb3 Ba8 27. Qa4 Qb7 (27... Nc6 $11) 28. Qxa5 $16 Nc6 $2 (28... Rd5 $16 29. Qa4 Qc8) 29. Qa4 $2 ({White must play} 29. Nxc6 $18 Rxd2 30. Nxd8 Rxd1+ 31. Bxd1 Qxb2 32. Kf1) 29... Nxd4 $11 30. Rxd4 Rxd4 31. Rxd4 Rb8 $2 (31... Rxd4 $11 {and Black stays safe.} 32. cxd4 Qxb2 33. Qxa8 Qxe2) 32. b4 (32. Rb4 $18 {has better winning chances.} Qc7 33. Rxb8 Qxb8 34. b4) 32... Qe7 $16 33. Bc4 $2 (33. Kf1 $14 {stays ahead.}) 33... Re8 (33... Qe1+ $17 34. Bf1 Qxc3) 34. Rd7 $2 {[%mdl 8192] [#]} (34. Qd1 $11) 34... Qe1+ $2 (34... Qe3+ {mates} 35. Kh1 Qe1+ 36. Bf1 Qxf1#) 35. Bf1 $11 {Black must now prevent Qa2.} Rf8 $2 (35... Qe3+ $11 36. Kh1 Qxc3) 36. Qa7 ({Better is} 36. Rd3 $16) 36... Qxc3 $14 37. Qd4 Qxd4+ 38. Rxd4 {[%mdl 4096] Endgame KRB-KRB} Bc6 (38... f5 $14) 39. Rd6 Bb7 40. b5 {[%cal Bb4b5,Bb5b6][%mdl 32]} Bc8 ({Black should play} 40... Rc8 $14) 41. b6 $18 Be6 (41... Re8 {was called for.} 42. Rc6 Bb7) 42. Rc6 ({White should try} 42. b7 $18) 42... g5 (42... Rb8 $16 {keeps fighting.}) 43. Rc7 Rb8 44. b7 Bd5 45. Bc4 (45. Ba6 $16) 45... Rxb7 46. Bxd5 $4 $15 {[%mdl 8192] KRB-KR} (46. Rxb7 $11 Bxb7 47. Bd3) 46... Rb1+ $4 {[%mdl 8192]} (46... Rxc7 $19 47. Be4 Rc5) 47. Kf2 $18 Kg6 48. Kg3 (48. Be4+ $142 f5 49. Bxb1) 48... Rb2 49. h4 Kf5 50. Kh2 gxh4 51. Be4+ Kg5 52. Rc5+ f5 53. Rb5 $4 {[%mdl 8192]} (53. Rxf5+ {was the only winning move.} Kh6 54. Rxf7 Re2 55. Kh3 Rd2 56. Kxh4 Rd7 {[#]} 57. Rh7+ $1 {[%mdl 512]} Rxh7 58. Bxh7) 53... Kf4 $4 {[%mdl 8192]} (53... Rxb5 $19 54. Bc2 f6) 54. Rxb2 {White mates.} Ke3 55. Rb4 f4 56. Bf5 h3 57. Kxh3 Kf2 {[%mdl 32768] Both players deserved the win here. Accuracy: White = 37%, Black = 34%. . Sensor Board Error (Ke4/e5)?} 0-1

[Event "Stay Safe Play From Home 304"]
[Site "Emanuel Lasker Arena"]
[Date "2020.07.15"]
[Round "1"]
[White "Bardellosport"]
[Black "Tartak"]
[Result "1-0"]
[WhiteElo "2037"]
[BlackElo "1555"]
[Annotator "TA"]
[PlyCount "79"]
[EventDate "2020.07.15"]
[EventType "swiss (blitz)"]

{[%evp 9,79,-16,4,-12,-13,-15,-12,-14,-14,-12,10,3,43,46,91,111,147,139,160,110,102,4,76,75,100,52,66,15,564,550,814,810,1268,797,808,804,921,423,486,141,517,517,29997,575,1208,1112,946,505,493,472,703,491,486,0,0,0,58,0,9,0,0,0,419,0,268,0,0,-6085,0,-29989,-5393,-29984]} 1. d4 e6 2. e3 d5 3. f4 Nf6 4. Nf3 c5 5. Bd3 Nbd7 6. c3 {D00: 1 d4 d5: Unusual lines.} Bd6 7. Qe2 b6 8. O-O {The position is equal.} O-O 9. Nbd2 a5 10. Ne5 {[#]} c4 $146 ({Predecessor:} 10... Bb7 11. Rf3 Ne4 12. Rh3 Ndf6 13. Ndf3 Qc8 14. Qe1 Be7 15. Bd2 Ne8 16. Ng4 N8d6 {½-½ (43) Bivol,A (1957)-Osmanodja,F (1939) Vung Tau 2008}) 11. Bc2 Qe7 12. e4 dxe4 13. Nxe4 {Threatens to win with Nc6.} Bb7 14. Nxf6+ Nxf6 15. g4 (15. Nxc4 $16 Qc7 16. Bd3 (16. Nxd6 Qxd6 17. Bd3 h6 $16)) 15... Nd5 (15... Rac8 $11) 16. Nxc4 $16 Rac8 17. Ne5 $40 {[%mdl 128] White mounts an attack.} b5 18. Qxb5 ({White should play} 18. g5 $14) 18... Bc6 $2 {[%mdl 8192]} (18... Bxe5 $11 {and Black is okay.} 19. fxe5 Nb4 20. Bxh7+ Kxh7 21. cxb4 Kg8) 19. Nxc6 $18 Rxc6 20. Qxc6 Nxf4 21. Qf3 Ng6 22. Bxg6 fxg6 23. Bf4 (23. Qxf8+ $142 Qxf8 24. Rxf8+ Kxf8 25. Bd2) 23... Rxf4 24. Qe3 $2 (24. Qa8+ $18 Qf8 25. Qxf8+ (25. Qxa5 Rxg4+ 26. Kh1 Qc8 $16) 25... Kxf8 26. Rxf4+ Bxf4 27. Kg2) 24... Rxf1+ $4 {[%mdl 8192]} (24... Rxg4+ $16 {is a better chance.} 25. Kh1 Rh4) 25. Rxf1 $16 {[%mdl 4096] Endgame KQR-KQB} Qh4 (25... Bc7 $18 26. Re1 Kf7 27. Qf3+ Qf6) 26. Qe2 (26. Qxe6+ $142 Kh8 27. Qe8+ Bf8 28. Rxf8#) 26... h5 27. Qxe6+ {[%mdl 64] [#] Double Attack} Kh7 28. Qe2 hxg4 29. Qg2 g3 (29... a4 $142 30. Rd1 Qg5) 30. h3 Bf4 31. c4 $2 ({Not} 31. Qe4 Qxh3 32. Rxf4 Qh2+ 33. Kf1 g2+ 34. Qxg2 Qxf4+ 35. Qf2 Qe4 $16) (31. Qe2 $18) 31... Be3+ $11 32. Kh1 {aiming for Rf3.} Bxd4 ({Black should try} 32... Bf2 $11) 33. b3 Bf2 34. c5 {Threatening c6.} Qd4 35. c6 Qc5 $2 {[%mdl 8192]} (35... Qd2 $11) 36. b4 $2 ({White has to play} 36. Qe4 $18 Qd6 37. Kg2) 36... axb4 $2 {[%mdl 8192]} (36... Qxb4 $11 {and Black stays safe.} 37. Qd5 Qb2) 37. c7 $2 (37. Qe4 $18) 37... Qxc7 38. h4 $2 {[%mdl 8192]} (38. Qe4 $11) 38... Qc3 $2 (38... Qf4 $19 39. Qc6 Qxh4+ 40. Kg2 Qh2+ 41. Kf3 g2) 39. Qh3 $2 {[%mdl 8192]} (39. Qe4 $11) 39... b3 (39... Qc4 $142 40. Re1 Bxe1 41. h5 Qe4+ 42. Kg1 {[#]} Qe2 $1 {[%mdl 512]} 43. Kh1 Bf2 44. hxg6+ Kxg6 45. Qh7+ Kxh7 46. Kg2 Qg4 47. a4 bxa3 48. Kf1 g2+ 49. Kxf2 g1=Q#) 40. Qg2 {[%mdl 32768] Accuracy: White = 38%, Black = 31%. . Loss on time!?} 1-0

[Event "Stay Safe Play From Home 304"]
[Site "Emanuel Lasker Arena"]
[Date "2020.07.15"]
[Round "1"]
[White "Buzaglo"]
[Black "Tolka"]
[Result "0-1"]
[WhiteElo "1819"]
[BlackElo "2344"]
[Annotator "TA"]
[PlyCount "110"]
[EventDate "2020.07.15"]
[EventType "swiss (blitz)"]

{[%evp 15,110,4,29,0,9,0,29,14,104,-8,0,-35,-29,-45,-6,-36,-38,-33,-33,-79,-45,-54,0,0,0,-97,-35,-21,0,0,0,0,0,-16,16,24,18,18,14,-59,-55,-75,-29,-86,-81,-633,-581,-827,-820,-817,-808,-796,-785,-818,-790,-1017,-1008,-1672,-1010,-966,-934,-1063,-1004,-1024,-937,-1085,-1129,-1364,-1297,-1642,-1636,-1541,-1334,-1779,-1758,-1740,-1411,-1392,-1373,-1299,-1299,-1720,-701,-29987,-29988,-29991,-29990,-29992,-29992,-29993,-29993,-29994,-29990,-29990,-29991,-29995,-29994]} 1. d4 Nf6 2. Nf3 e6 3. g3 c5 4. Bg2 cxd4 5. Nxd4 d5 6. Nf3 Nc6 7. O-O Bc5 8. c4 dxc4 9. Qc2 {E04: Open Catalan: 5 Nf3.} Qe7 10. Qxc4 O-O 11. Nc3 {[#] White has an edge.} a6 $146 (11... e5 $11) ({Predecessor:} 11... h6 12. a3 e5 13. b4 Bd6 14. Bb2 Be6 15. Qh4 Rac8 16. Nd2 Nd4 17. Nce4 Nxe4 18. Qxe7 Nxe2+ {0-1 (55) Bottema,T (2219)-Haast,A (2268) Wijk aan Zee 2011}) 12. a4 ({Better is} 12. Bg5 $16) 12... Na5 13. Qd3 Rd8 14. Qc2 Bd7 15. Bf4 {White wants to play Bc7.} Bc6 16. Rac1 Rac8 17. Qb1 Nb3 18. Rcd1 Nd5 (18... Bb4 $15) 19. Nxd5 $11 Bxd5 20. Ne5 (20. Ng5 $11 g6 21. Bxd5 exd5 22. Nf3) 20... Bxg2 ({Black should try} 20... f6 $17 21. Bxd5 exd5) 21. Kxg2 $15 Bd4 {[#] ...Bxe5 is the strong threat.} 22. Nf3 Bf6 23. Rxd8+ Rxd8 24. Qe4 Nc5 {[%cal Bb3c5,Bc5d7,Bd7b6,Bb6d5,Bd5f4][%mdl 32]} (24... h6 {is interesting.} 25. Qc4 Nd4 26. Nxd4 Bxd4 27. Qb3 g5) 25. Qc4 h6 26. h4 Nd7 27. b4 (27. Rc1 $11) 27... Nb6 $1 $36 {[%cal Rb6c4][%mdl 2048] Black fights for an advantage.} 28. Qb3 Nd5 (28... e5 $5 {[%cal Re5f4]} 29. Be3 Nd5 $17) 29. Bc1 (29. Bd2 $11) 29... Qxb4 $17 ({Much worse is} 29... Nxb4 $6 30. Ba3 $11) 30. Qd3 $2 {[%mdl 8192] [#] Loses the game.} (30. Qxb4 $17 Nxb4 31. Bd2) 30... Nf4+ $1 $19 {[%mdl 576] Discovered Attack} 31. gxf4 {Strongly threatening Qc2.} (31. Bxf4 Rxd3) 31... Rxd3 32. exd3 Qxa4 33. Be3 Qc6 34. Kg3 Qd5 35. Nd2 Qxd3 36. Nf3 Qg6+ 37. Kh2 Qe4 38. Ng1 Bxh4 39. Nh3 Qf3 40. Rg1 Bf6 41. Rg2 a5 {[%cal Ba6a5,Ba5a4][%mdl 32]} 42. Ng1 Qh5+ 43. Nh3 Qb5 44. Kg1 a4 45. Kh2 Qb1 46. Rg1 Qf5 47. Rc1 b5 48. Rc5 Kh7 49. Rxb5 Qxb5 {Black mates.} 50. f3 Qb3 51. Kg3 a3 52. Nf2 a2 53. Ne4 Qb1 54. Nxf6+ gxf6 55. f5 Qe1+ {Accuracy: White = 34%, Black = 60%.} 0-1

[Event "Stay Safe Play From Home 304"]
[Site "Emanuel Lasker Arena"]
[Date "2020.07.15"]
[Round "1"]
[White "Klasman"]
[Black "Scorpio New"]
[Result "0-1"]
[WhiteElo "1314"]
[BlackElo "2116"]
[Annotator "TA"]
[PlyCount "42"]
[EventDate "2020.07.15"]
[EventType "swiss (blitz)"]

{[%evp 9,42,13,56,28,50,40,56,35,129,133,132,78,62,68,92,22,48,-28,-34,-39,-41,-47,-45,-111,-114,-157,-35,-104,-30,-144,-126,-123,-117,-292,-248]} 1. f4 d6 2. e4 g6 3. Nf3 Bg7 4. d4 c6 5. c4 Nd7 6. Bd3 {B06: Modern Defence.} Qc7 7. Nc3 {[#]} e5 $146 ({Predecessor:} 7... a6 8. a4 e6 9. a5 Ne7 10. O-O O-O 11. Kh1 c5 12. d5 exd5 13. exd5 Nf6 {0-1 (86) Kristovic,M (2320)-Maravic,S (2174) Zagreb 2009}) 8. d5 {White is slightly better.} c5 (8... exf4 $14 9. Bxf4 Ngf6) 9. Be3 a6 {[#]} 10. O-O (10. f5 $142 $1) 10... exf4 $16 11. Bxf4 Ngf6 12. Qc2 (12. e5 $16 dxe5 {[#]} 13. Nxe5 $1 {[%mdl 512]} Nxe5 14. Bxe5 {[%mdl 64] Discovered Attack} Qxe5 15. Re1) 12... O-O 13. Na4 ({White should try} 13. h3 $14) 13... Ng4 $11 14. h3 Nge5 15. Nxe5 Nxe5 16. Bxe5 (16. Be2 $15) 16... Bxe5 $17 17. Rf3 Qe7 ({Better is} 17... g5 $17 18. g4 Bd7) 18. Raf1 (18. Nb6 $15 Rb8 19. Raf1) 18... Bd7 (18... Qd8 $17) 19. Nc3 (19. Nb6 $11) 19... Rab8 20. Ne2 b5 {[%cal Bb7b5,Bb5c4][%mdl 32]} 21. Ng3 $2 (21. b3 $17) 21... bxc4 {Accuracy: White = 26%, Black = 57%.} 0-1

[Event "Stay Safe Play From Home 304"]
[Site "Emanuel Lasker Arena"]
[Date "2020.07.15"]
[Round "2"]
[White "NTBT_DHS"]
[Black "Lazieri3"]
[Result "1-0"]
[WhiteElo "2529"]
[BlackElo "2087"]
[Annotator "TA"]
[PlyCount "29"]
[EventDate "2020.07.15"]
[EventType "swiss (blitz)"]

{[%evp 9,28,-64,-60,-75,-78,-178,-45,-52,73,83,212,206,291,257,496,491,911,897,897,675,29999]} 1. d4 c6 2. Nc3 d5 3. Bf4 Nf6 4. f3 Bf5 5. e4 dxe4 6. g4 {D00: 1 d4 d5: Unusual lines.} Bg6 7. Qe2 (7. Bg2 $17) 7... exf3 (7... Qxd4 $19 {And now ...exf3 would win.} 8. Bg2 exf3 9. Qxf3 e6) 8. Nxf3 $15 {[#] Black is slightly better.} h6 $146 {[#]} (8... e6 $15 {stays ahead.}) ({Predecessor:} 8... Nxg4 9. Ne5 Nxe5 10. dxe5 e6 11. Bg2 Be7 12. h4 Bxh4+ 13. Kf1 Bg5 14. Rd1 Nd7 15. Rxd7 Kxd7 {0-1 (51) Schwarz,N-Jung,M (1272) Verden/Aller 2008}) 9. O-O-O $1 $16 Nbd7 {This move loses the game for Black.} (9... e6 $16 {is a better defense.}) 10. Ne5 $18 Nxe5 (10... Qc8 {was called for.} 11. Nxg6 fxg6) 11. dxe5 {[%mdl 64] Discovered Attack} Nd5 $2 (11... Nd7 {keeps fighting.} 12. e6 fxe6) 12. Nxd5 {[%mdl 64] Strongly threatening e6. Overworked Piece} cxd5 (12... Qc8 $142 13. Nc3 e6) 13. Qb5+ Qd7 14. Rxd5 {[%csl Gd5][%cal Rb5d7] [#]} Qxb5 15. Bxb5# {Accuracy: White = 61%, Black =  3%.} 1-0

[Event "Stay Safe Play From Home 304"]
[Site "Emanuel Lasker Arena"]
[Date "2020.07.15"]
[Round "2"]
[White "Broken sword"]
[Black "Bardellosport"]
[Result "1-0"]
[WhiteElo "2432"]
[BlackElo "2039"]
[Annotator "TA"]
[PlyCount "73"]
[EventDate "2020.07.15"]
[EventType "swiss (blitz)"]

{[%evp 9,73,24,41,18,50,34,106,116,81,39,115,14,10,5,90,87,100,94,79,77,103,10,58,-7,41,-22,58,27,60,16,93,77,87,85,77,30,32,33,59,50,62,39,57,44,237,238,302,345,443,443,954,574,2002,564,923,923,896,890,905,896,875,842,1596,1573,1413,1199]} 1. e4 a6 2. d4 b5 3. Bd3 Bb7 4. c3 e6 5. f4 Nf6 6. Nd2 {[#] B00: Queen's Fianchetto Defence, Nimzowitsch Defence.} Be7 $146 ({Predecessor:} 6... d6 7. Ngf3 Nbd7 8. a4 bxa4 9. O-O e5 10. fxe5 dxe5 11. Qxa4 Bd6 12. Nxe5 Bxe5 13. dxe5 {1-0 (20) Gumerov,R (2320)-Ivanets,V (2272) Satka 2004}) 7. Ngf3 d5 {[#]} (7... c5 $14) 8. e5 $1 $16 {[%cal Re5f6] White is better.} Nfd7 9. Qe2 g6 (9... c5 $1 $14) 10. Nf1 (10. h4 $16) 10... c5 $11 11. Ne3 c4 (11... Nc6 $11) 12. Bc2 $16 Nc6 13. O-O a5 14. g4 h5 15. h3 (15. Ng5 $16) 15... Qc7 16. Kg2 ({White should play} 16. Ng5 $14) 16... O-O-O 17. Bd2 (17. g5 $14) 17... Rdg8 (17... hxg4 $11 18. hxg4 b4) 18. Rh1 b4 19. Rag1 a4 (19... f6 $11) 20. Bxa4 bxc3 21. bxc3 Qa5 22. Bxc6 Bxc6 23. Ra1 Ba3 24. Rhb1 Ba4 25. Qe1 Kc7 26. Bc1 (26. Ng5 $5 {[%cal Rg5f7]} hxg4 27. Nxg4 $14 (27. hxg4 Rg7 $11)) 26... Bxc1 $2 {This move loses the game for Black.} (26... hxg4 $14 27. hxg4 Be7) 27. Qxc1 $18 Rb8 28. Qa3 Rxb1 29. Rxb1 {White is clearly winning.} Rc8 (29... Ra8 $142 30. Ng5 Ra6 31. gxh5 gxh5) 30. f5 gxf5 {If only Black now had time for ...Rg8....} 31. gxf5 (31. Qd6+ $142 Kd8 32. Ng5) 31... Rb8 32. Qd6+ {[%mdl 64] [#] Double Attack} Kc8 33. Rxb8+ Nxb8 34. Qf8+ Kb7 35. Qxf7+ {[%mdl 64] Double Attack} Kb6 36. Qxe6+ Kb7 37. Qxd5+ {Accuracy: White = 50%, Black = 27%.} 1-0

[Event "Stay Safe Play From Home 304"]
[Site "Emanuel Lasker Arena"]
[Date "2020.07.15"]
[Round "2"]
[White "Scorpio New"]
[Black "Tolka"]
[Result "1/2-1/2"]
[WhiteElo "2116"]
[BlackElo "2346"]
[Annotator "TA"]
[PlyCount "32"]
[EventDate "2020.07.15"]
[EventType "swiss (blitz)"]

{[%evp 9,32,-5,0,-8,13,-12,-8,-16,50,52,45,-21,30,-63,7,-48,-74,-222,-234,-705,-323,-301,-301,-301,-282]} 1. d3 Nf6 2. Nd2 c6 3. c3 d5 4. Qc2 Bf5 5. e4 dxe4 {[#]} 6. dxe4 $146 {A00: Irregular Openings.} ({Predecessor:} 6. Nxe4 Nbd7 7. Be2 e6 8. Bf4 e5 9. Bg3 Qb6 10. Nf3 Bxe4 11. dxe4 Bd6 12. Nd2 {1-0 (59) Nguyen,H (2103)-Meyer,M (1720) Differdange 2007}) 6... Bg6 $1 7. Ngf3 Nbd7 8. Nh4 {The position is equal.} Nc5 (8... Bh5 $11) 9. Nxg6 $14 hxg6 10. f3 (10. b4 $14 Ncd7 11. Nc4) 10... e5 ({Black should play} 10... Qc7) 11. Be2 (11. Nc4 $11) 11... Ne6 (11... Nh5 $1 $15 12. Nf1 Nf4) 12. b4 (12. Bc4 $11) 12... a5 $36 {[%mdl 2048] Hoping for ...Nh5. White is under strong pressure.} 13. O-O {White does not recover from this.} (13. Bc4 $17) 13... axb4 $19 14. cxb4 $2 {[#]} (14. Nb3) 14... Bxb4 (14... Qd4+ $142 15. Rf2 Qxa1) 15. Nb3 Qb6+ 16. Kh1 Nh5 {[%mdl 32768] Accuracy: White = 29%, Black = 45%. . An unexpected result.} 1/2-1/2